Countries that touch the Equator? - Statistics

General Stats
  • This quiz has been taken 14 times
  • The average score is 10 of 13
Answer Stats
Hint Answer % Correct
South America Brazil
100%
South America Colombia
100%
Africa D.R Congo
92%
South America Ecuador
92%
Asia Indonesia
92%
Africa Republic of the Congo
92%
Africa Kenya
83%
Africa Gabon
75%
Africa Uganda
67%
Oceania Kiribati
58%
Africa Somalia
42%
Africa São Tomé and Príncipe
33%
Asia Maldives
25%
No matching quizzes found
Score Distribution
Percent of People with Each Score
Percentile by Number Answered
Your Score History
You have not taken this quiz